[Event "DEM U14 2010"]
[Site "Oberhof GER"]
[Date "2010.05.23"]
[Round "1"]
[White "Svane, Rasmus"]
[Black "Neef, Maximilian"]
[Result "1/2-1/2"]
[Termination "normal"]
[Board "1"]
[WhiteElo "2157"]
[BlackElo "2040"]
[PlyCount "143"]
[WhiteFideId "4657101"]
[BlackFideId "24692085"]
[EventCountry "GER"]
[EventRounds "9"]
[EventType "swiss"]
[EventDate "2010.05.22"]

1. c4 c5 2. g3 Nc6 3. Bg2 g6 4. Nc3 Bg7 5. a3 e6 6. Rb1 Nge7 7. e4 d6 8. Nge2
O-O 9. b4 Rb8 10. O-O b6 11. d3 Bb7 12. Be3 Nd4 13. Qd2 Nxe2+ 14. Nxe2 cxb4 15.
axb4 d5 16. exd5 exd5 17. Bf4 Rc8 18. c5 bxc5 19. bxc5 Ba6 20. Bd6 Re8 21. Bh3
Ra8 22. Rfe1 Bc8 23. Bg2 Be6 24. Nf4 Nf5 25. Bxd5 Bxd5 26. Rxe8+ Qxe8 27. Nxd5
Qd7 28. Qb4 Nxd6 29. cxd6 Rd8 30. Re1 Qxd6 31. Re8+ Bf8 32. Nf6+ Kg7 33. Qh4
Rb8 34. Rxb8 Qxb8 35. Qd4 Qb1+ 36. Kg2 Qb7+ 37. Nd5+ Kg8 38. Qe4 Qa6 39. Qd4
Qb7 40. h4 h5 41. Kh2 Bg7 42. Qe4 Qd7 43. Ne7+ Kh7 44. Nc6 a5 45. Kg2 a4 46.
Qxa4 Qxd3 47. Qf4 Qd5+ 48. Qf3 Qxf3+ 49. Kxf3 Bf6 50. Kf4 Kg7 51. Ne5 Be7 52.
Nd7 Bb4 53. Ne5 Bd6 54. Ke4 Kf6 55. Nd3 Ke6 56. f4 Be7 57. Ne1 Bc5 58. Nd3 Be7
59. Kf3 Kf5 60. Nf2 Bf6 61. Ne4 Be7 62. Nc3 f6 63. Nd5 Bc5 64. Nc7 Bd6 65. Ne8
Bf8 66. Nc7 Bd6 67. Nb5 Bc5 68. Nc3 Be7 69. Ne2 Bc5 70. Nc1 g5 71. Nb3 Bb6 72.
fxg5 1/2-1/2

[Event "DEM U14 2010"]
[Site "Oberhof GER"]
[Date "2010.05.23"]
[Round "1"]
[White "Galkin, Wladislaw"]
[Black "Wagner, Dennis"]
[Result "1/2-1/2"]
[Termination "normal"]
[Board "2"]
[WhiteElo "1940"]
[BlackElo "2112"]
[PlyCount "105"]
[WhiteFideId "4603192"]
[BlackFideId "24650684"]
[EventCountry "GER"]
[EventRounds "9"]
[EventType "swiss"]
[EventDate "2010.05.22"]

1. d4 Nf6 2. c4 c5 3. d5 b5 4. cxb5 a6 5. bxa6 g6 6. Nc3 Bxa6 7. e4 Bxf1 8.
Kxf1 d6 9. Nf3 Nbd7 10. Kg1 Bg7 11. h3 O-O 12. Kh2 Qa5 13. Qc2 Rfb8 14. Rb1 Ne8
15. Bd2 Nc7 16. a3 Qb6 17. Rhe1 Qb3 18. Qxb3 Rxb3 19. Bg5 Kf8 20. Nd2 Rb7 21.
Nc4 Nb6 22. Nxb6 Rxb6 23. f4 Rxb2 24. Rxb2 Bxc3 25. Reb1 Bxb2 26. Rxb2 f6 27.
Bh6+ Ke8 28. Rb3 Ra4 29. Re3 Nb5 30. e5 Rxa3 31. Re1 Kd7 32. exf6 exf6 33. f5
gxf5 34. Bg7 Rd3 35. Bxf6 Rxd5 36. Re7+ Kc6 37. Rxh7 c4 38. Rh8 Rc5 39. h4 c3
40. h5 c2 41. Bb2 c1=Q 42. Bxc1 Rxc1 43. h6 Kd5 44. Rb8 Rc7 45. Rxb5+ Ke4 46.
Rb4+ Ke3 47. Rh4 Rh7 48. Kg1 f4 49. Kf1 d5 50. Ke1 d4 51. Rh3+ Ke4 52. Ke2 Kf5
53. Kd3 1/2-1/2

[Event "DEM U14 2010"]
[Site "Oberhof GER"]
[Date "2010.05.23"]
[Round "1"]
[White "Blübaum, Matthias"]
[Black "Yankelevich, Lev"]
[Result "1/2-1/2"]
[Termination "normal"]
[Board "3"]
[WhiteElo "2091"]
[BlackElo "1926"]
[PlyCount "115"]
[WhiteFideId "24651516"]
[BlackFideId "24684074"]
[EventCountry "GER"]
[EventRounds "9"]
[EventType "swiss"]
[EventDate "2010.05.22"]

1. d4 d5 2. c4 c6 3. e3 Nf6 4. Nc3 a6 5. Qc2 b5 6. b3 g6 7. Bd3 Bg7 8. Nf3 O-O
9. O-O Nbd7 10. Bb2 dxc4 11. bxc4 e5 12. dxe5 Ng4 13. Be4 Qb6 14. e6 fxe6 15.
cxb5 axb5 16. Nd4 Nde5 17. Qb3 Rb8 18. Nxe6 Bxe6 19. Qxe6+ Kh8 20. Nd1 Rbe8 21.
Qb3 Qc7 22. g3 Nxh2 23. Kxh2 Ng4+ 24. Kg2 Rxe4 25. Bxg7+ Qxg7 26. Qb2 Rc4 27.
Qxg7+ Kxg7 28. Kh3 h5 29. Nb2 Rc3 30. Nd1 Rc2 31. Kg2 Rd8 32. a3 Rxd1 33. Rfxd1
Nxe3+ 34. Kg1 Nxd1 35. Rxd1 Rc3 36. Rd6 c5 37. Rb6 Rb3 38. Kf1 c4 39. Ke2 g5
40. Kd2 h4 41. gxh4 gxh4 42. Rb7+ Kg6 43. Rb6+ Kg5 44. Rb8 Kg4 45. Rg8+ Kf3 46.
Rh8 Kg4 47. Rg8+ Kh3 48. Rg5 Rxa3 49. Rxb5 Kg2 50. Ke2 h3 51. Rg5+ Kh2 52. Rc5
Rc3 53. Kd2 Rf3 54. Ke2 Rf7 55. Rxc4 Rg7 56. Kf1 Rg1+ 57. Ke2 Rg7 58. Kf1
1/2-1/2

[Event "DEM U14 2010"]
[Site "Oberhof GER"]
[Date "2010.05.23"]
[Round "1"]
[White "Töws, Manuel"]
[Black "Lampert, Jonas"]
[Result "1/2-1/2"]
[Termination "normal"]
[Board "4"]
[WhiteElo "1910"]
[BlackElo "2107"]
[PlyCount "61"]
[WhiteFideId "24654485"]
[BlackFideId "1303759"]
[EventCountry "GER"]
[EventRounds "9"]
[EventType "swiss"]
[EventDate "2010.05.22"]

1. e4 c5 2. Nf3 d6 3. d4 cxd4 4. Nxd4 Nf6 5. Nc3 a6 6. Bg5 e6 7. f4 Qb6 8. a3
Nbd7 9. Nb3 h6 10. Bxf6 Qe3+ 11. Qe2 Qxe2+ 12. Bxe2 Nxf6 13. Bf3 Be7 14. O-O-O
Nd7 15. Na5 Nb6 16. Rd3 O-O 17. Rhd1 Rb8 18. Ne2 Bd7 19. Rb3 Bb5 20. Nc3 Nc4
21. Nxc4 Bxc4 22. Rb6 a5 23. Be2 d5 24. Bxc4 Bc5 25. exd5 Bxb6 26. dxe6 fxe6
27. Bxe6+ Kh8 28. f5 Be3+ 29. Kb1 Bg5 30. g4 Rbd8 31. Nd5 1/2-1/2

[Event "DEM U14 2010"]
[Site "Oberhof GER"]
[Date "2010.05.23"]
[Round "1"]
[White "Kyas, Philipp"]
[Black "Schreiber, Kevin"]
[Result "1-0"]
[Termination "normal"]
[Board "5"]
[WhiteElo "2015"]
[BlackElo "1674"]
[PlyCount "61"]
[WhiteFideId "24670936"]
[BlackFideId "24655830"]
[EventCountry "GER"]
[EventRounds "9"]
[EventType "swiss"]
[EventDate "2010.05.22"]

1. d4 d5 2. c4 e6 3. Nc3 Nf6 4. cxd5 exd5 5. Bg5 c6 6. e3 Be7 7. Bd3 Nbd7 8.
Qc2 O-O 9. Nge2 Re8 10. f3 Nf8 11. O-O Nh5 12. Bxe7 Qxe7 13. e4 Be6 14. e5 g6
15. f4 Ng7 16. Ng3 Bg4 17. h3 Bd7 18. a3 Qh4 19. Qf2 Nfe6 20. Nce2 Nh5 21. Nxh5
Qxh5 22. f5 Nd8 23. e6 fxe6 24. fxg6 hxg6 25. Nf4 Qg5 26. Nxg6 e5 27. h4 Qh6
28. Nxe5 Re7 29. Rae1 Be8 30. Ng4 Qg7 31. Nf6+ 1-0

[Event "DEM U14 2010"]
[Site "Oberhof GER"]
[Date "2010.05.23"]
[Round "1"]
[White "Krause, Benedict"]
[Black "Carow, Johannes"]
[Result "0-1"]
[Termination "normal"]
[Board "6"]
[WhiteElo "1827"]
[BlackElo "1939"]
[PlyCount "108"]
[WhiteFideId "12917990"]
[BlackFideId "24692050"]
[EventCountry "GER"]
[EventRounds "9"]
[EventType "swiss"]
[EventDate "2010.05.22"]

1. e4 c5 2. Nc3 Nc6 3. g3 g6 4. Bg2 Bg7 5. d3 d6 6. f4 Rb8 7. Nf3 b5 8. O-O b4
9. Nd5 Nf6 10. Ne3 a5 11. Nc4 O-O 12. Bd2 Ba6 13. e5 Nd5 14. e6 fxe6 15. Ng5
Qd7 16. Re1 Nc7 17. Bxc6 Qxc6 18. Nxa5 Qd5 19. Bc1 Bd4+ 20. Be3 Bxb2 21. Rb1
Bg7 22. Qg4 Rb5 23. Nc4 Bb7 24. Qh3 h6 25. Ne4 Bc6 26. a4 Rbb8 27. a5 Qh5 28.
Qxh5 gxh5 29. Ned2 Nd5 30. Nb3 Kf7 31. d4 Nxe3 32. Nxe3 cxd4 33. Nc4 Bb5 34.
Nb6 d3 35. cxd3 Bxd3 36. Rbc1 Rb7 37. Red1 Ba6 38. Rc2 e5 39. fxe5 Bxe5 40. Nd4
Kg6 41. Nc6 Bc3 42. Nd5 Bc4 43. Ncxe7+ Kg7 44. Nxb4 Bb3 45. Rxc3 Bxd1 46. Nbc6
Bf3 47. Nd4 Bg4 48. Nd5 Rb1+ 49. Kg2 Rd1 50. Rc4 Rd2+ 51. Kg1 Re8 52. Rc7+ Kf8
53. Rc1 Rxd4 54. Rf1+ Kg7 0-1

[Event "DEM U14 2010"]
[Site "Oberhof GER"]
[Date "2010.05.23"]
[Round "1"]
[White "Stahnecker, Ludwig"]
[Black "Grötzbach, Julian"]
[Result "1/2-1/2"]
[Termination "normal"]
[Board "7"]
[WhiteElo "1991"]
[BlackElo "1861"]
[PlyCount "80"]
[WhiteFideId "24692026"]
[BlackFideId "24600938"]
[EventCountry "GER"]
[EventRounds "9"]
[EventType "swiss"]
[EventDate "2010.05.22"]

1. e4 c5 2. Nf3 d6 3. d4 cxd4 4. Nxd4 Nf6 5. Nc3 a6 6. Bc4 e6 7. Bb3 Nbd7 8. f4
Nc5 9. Qf3 Qc7 10. O-O b5 11. e5 Bb7 12. Qe2 Nxb3 13. Nxb3 dxe5 14. fxe5 Nd5
15. Bd2 Qc6 16. Rf2 Be7 17. Na5 Qc7 18. Nxb7 Qxb7 19. Ne4 Qc7 20. Qf3 O-O 21.
Qg3 f5 22. Bh6 Rf7 23. Nd6 Bxd6 24. exd6 Qc6 25. Re1 Re8 26. Bf4 Nxf4 27. Qxf4
Rd7 28. Rd2 Kf7 29. Qe5 g6 30. h3 h6 31. Kh2 Qc4 32. b3 Qh4 33. c4 bxc4 34. Rd4
Qf6 35. bxc4 Rc8 36. Qe3 Rc6 37. Red1 g5 38. Qf3 Qe5+ 39. Qg3 f4 40. Qd3 Kf6
1/2-1/2

[Event "DEM U14 2010"]
[Site "Oberhof GER"]
[Date "2010.05.23"]
[Round "1"]
[White "Gibicar, Danijel"]
[Black "Holle, Cedric"]
[Result "1-0"]
[Termination "normal"]
[Board "9"]
[WhiteElo "1965"]
[BlackElo "1733"]
[PlyCount "93"]
[WhiteFideId "24660256"]
[BlackFideId "24692158"]
[EventCountry "GER"]
[EventRounds "9"]
[EventType "swiss"]
[EventDate "2010.05.22"]

1. d4 d5 2. c4 c6 3. Nf3 e6 4. Qc2 Nf6 5. g3 Bd6 6. Bg2 O-O 7. O-O Nbd7 8. Nc3
dxc4 9. e4 e5 10. Rd1 Qe7 11. Bg5 h6 12. Bxf6 Qxf6 13. d5 Nc5 14. Nd2 b5 15.
dxc6 Nd3 16. Nb3 cxb3 17. Qxd3 Bc5 18. Qe2 Qxc6 19. axb3 Be6 20. Qxb5 Qxb5 21.
Nxb5 Rfb8 22. Nc7 Bxb3 23. Rd3 Bd4 24. Nxa8 Bc4 25. Rxd4 exd4 26. Nc7 Rxb2 27.
Bf1 Bxf1 28. Kxf1 d3 29. Rd1 Rb3 30. Na6 Rc3 31. Nb4 a5 32. Nxd3 a4 33. Ke2 a3
34. Ra1 Kf8 35. Kd2 Rc4 36. f3 Ra4 37. Ra2 Ke7 38. Ne1 Rb4 39. Rxa3 Rb2+ 40.
Nc2 Rb1 41. Ra1 Rb3 42. Ra3 Rb1 43. Ke3 Rh1 44. Ra7+ Kf6 45. h4 g5 46. Ra6+ Kg7
47. Nd4 1-0

[Event "DEM U14 2010"]
[Site "Oberhof GER"]
[Date "2010.05.23"]
[Round "1"]
[White "Nöttling, Dominik"]
[Black "Takeuchi, Eiki"]
[Result "1/2-1/2"]
[Termination "normal"]
[Board "10"]
[WhiteElo "1801"]
[BlackElo "1850"]
[PlyCount "91"]
[WhiteFideId "24672807"]
[BlackFideId "24663751"]
[EventCountry "GER"]
[EventRounds "9"]
[EventType "swiss"]
[EventDate "2010.05.22"]

1. e4 e6 2. d4 d5 3. Nd2 Nc6 4. Ngf3 Nf6 5. e5 Nd7 6. c3 f6 7. exf6 Qxf6 8. Bd3
Bd6 9. Qc2 e5 10. Bxh7 e4 11. Nxe4 dxe4 12. Qxe4+ Qe7 13. Bg6+ Kf8 14. Bg5 Nf6
15. Qxe7+ Nxe7 16. Bd3 Bf5 17. Bxf5 Nxf5 18. Bxf6 gxf6 19. O-O-O Re8 20. Kc2
Kf7 21. Rde1 c5 22. g4 Nh4 23. Rxe8 Kxe8 24. Nxh4 Rxh4 25. h3 cxd4 26. cxd4 f5
27. f3 Kf7 28. Kd3 Kf6 29. Kc4 Bg3 30. b4 Rh8 31. a4 Kg5 32. a5 Kf4 33. a6 bxa6
34. Ra1 Rh6 35. b5 axb5+ 36. Kxb5 Rh7 37. d5 Bf2 38. d6 Rxh3 39. Kc6 fxg4 40.
fxg4 Kxg4 41. d7 Rd3 42. Ra3 Rd1 43. Ra1 Rd4 44. Rxa7 Rc4+ 45. Kd5 Bxa7 46.
Kxc4 1/2-1/2

[Event "DEM U14 2010"]
[Site "Oberhof GER"]
[Date "2010.05.23"]
[Round "1"]
[White "Buchberger, Sascha"]
[Black "Eigemann, Frederik"]
[Result "0-1"]
[Termination "normal"]
[Board "12"]
[WhiteElo "1736"]
[BlackElo "1929"]
[PlyCount "98"]
[WhiteFideId "24690180"]
[BlackFideId "24692034"]
[EventCountry "GER"]
[EventRounds "9"]
[EventType "swiss"]
[EventDate "2010.05.22"]

1. e4 e6 2. d4 d5 3. e5 c5 4. c3 Qb6 5. Nf3 Bd7 6. Be2 Bb5 7. O-O Bxe2 8. Qxe2
Qa6 9. Qxa6 Nxa6 10. b3 Ne7 11. Na3 Nc6 12. Bb2 cxd4 13. cxd4 Rc8 14. Rfc1 Be7
15. Nb5 Nc7 16. a4 Kd7 17. h3 a6 18. Nd6 Bxd6 19. exd6 Kxd6 20. Ng5 Ke7 21.
Ba3+ Kf6 22. Nf3 h6 23. Rc3 g5 24. Rac1 Rcd8 25. Bc5 Na8 26. g4 Kg7 27. Ne5
Nxe5 28. dxe5 Rhe8 29. Bd6 Kg6 30. Kg2 Kg7 31. Kg3 d4 32. Rd3 Rc8 33. Rcd1 Nb6
34. Rxd4 Rc3+ 35. R1d3 Rec8 36. Bb4 Rxd3+ 37. Rxd3 Nd5 38. Bd6 Nf4 39. Re3 Rc1
40. Kh2 Kg6 41. Ba3 Rc2 42. Kg3 h5 43. gxh5+ Nxh5+ 44. Kf3 Nf4 45. h4 Nd5 46.
hxg5 Nxe3 47. Kxe3 Rc3+ 48. Kf4 Rxb3 49. Bd6 Rb2 0-1

[Event "DEM U14 2010"]
[Site "Oberhof GER"]
[Date "2010.05.23"]
[Round "1"]
[White "Kvetny, Mark"]
[Black "Knopf, Felix"]
[Result "1-0"]
[Termination "normal"]
[Board "13"]
[WhiteElo "1916"]
[BlackElo "1745"]
[PlyCount "97"]
[WhiteFideId "24603929"]
[BlackFideId "24692204"]
[EventCountry "GER"]
[EventRounds "9"]
[EventType "swiss"]
[EventDate "2010.05.22"]

1. d4 d5 2. c4 c6 3. Nc3 Nf6 4. Nf3 e6 5. e3 Nbd7 6. Qc2 Bd6 7. b3 O-O 8. Be2
b6 9. O-O Bb7 10. Bb2 Rc8 11. Rac1 Qe7 12. Rfd1 c5 13. cxd5 exd5 14. Bf1 Rfe8
15. g3 Nf8 16. Bg2 Ne6 17. dxc5 bxc5 18. Nh4 Nc7 19. Nf5 Qd8 20. Na4 Bf8 21.
Qb1 g6 22. Nh4 Nb5 23. Bxf6 Qxf6 24. Bxd5 Na3 25. Qb2 Qxb2 26. Nxb2 Bxd5 27.
Rxd5 Bg7 28. Nc4 Nb5 29. Nd6 Rcd8 30. Nxe8 Rxd5 31. Nxg7 Kxg7 32. Nf3 h5 33.
Kf1 Nd6 34. Ke2 Ne4 35. Rc2 Rf5 36. Kd3 Rxf3 37. Kxe4 Rf5 38. f4 Kf6 39. h3 Ke6
40. Rd2 Rf6 41. Rd5 Ke7 42. Rxc5 Ra6 43. a4 Kd6 44. Rd5+ Ke6 45. a5 Rc6 46. Rb5
Rc7 47. g4 hxg4 48. hxg4 Re7 49. Re5+ 1-0

[Event "DEM U14 2010"]
[Site "Oberhof GER"]
[Date "2010.05.23"]
[Round "1"]
[White "Cech, Tim"]
[Black "Koop, Thorben"]
[Result "1/2-1/2"]
[Termination "normal"]
[Board "14"]
[WhiteElo "1807"]
[BlackElo "1868"]
[PlyCount "85"]
[WhiteFideId "1270258"]
[BlackFideId "24661619"]
[EventCountry "GER"]
[EventRounds "9"]
[EventType "swiss"]
[EventDate "2010.05.22"]

1. c4 e5 2. Nc3 Nc6 3. g3 g6 4. Bg2 Bg7 5. Nf3 f5 6. d3 Nf6 7. O-O O-O 8. Rb1
d6 9. b4 Qe8 10. Bg5 Be6 11. Qc2 Nh5 12. Nd5 Qf7 13. b5 Bxd5 14. cxd5 Nd4 15.
Nxd4 exd4 16. Rfc1 Rac8 17. a4 h6 18. Bd2 Nf6 19. Qc4 Nd7 20. Bb4 Rfe8 21. Rb2
Nb6 22. Qa2 g5 23. Rbc2 Qd7 24. Qa3 h5 25. a5 Na8 26. a6 Rb8 27. Qa5 bxa6 28.
bxa6 Rb5 29. Qa3 Bf6 30. Ba5 Rc8 31. Rb2 Rxb2 32. Qxb2 Nb6 33. Qc2 Qb5 34. Bxb6
Qxb6 35. Qc6 Qxc6 36. dxc6 Rb8 37. Bd5+ Kf8 38. Be6 f4 39. gxf4 gxf4 40. Kg2
Ke7 41. Bd7 d5 42. Kf3 Be5 43. Rg1 1/2-1/2

[Event "DEM U14 2010"]
[Site "Oberhof GER"]
[Date "2010.05.23"]
[Round "2"]
[White "Eigemann, Frederik"]
[Black "Kyas, Philipp"]
[Result "1/2-1/2"]
[Termination "normal"]
[Board "1"]
[WhiteElo "1929"]
[BlackElo "2015"]
[PlyCount "86"]
[WhiteFideId "24692034"]
[BlackFideId "24670936"]
[EventCountry "GER"]
[EventRounds "9"]
[EventType "swiss"]
[EventDate "2010.05.22"]

1. d4 Nf6 2. Bg5 d5 3. Bxf6 exf6 4. e3 Bf5 5. c4 Bxb1 6. Rxb1 Bb4+ 7. Ke2 dxc4
8. Qa4+ Nc6 9. a3 Ba5 10. Qxc4 O-O 11. Nf3 Re8 12. g3 Qd7 13. Bg2 Rad8 14. Rhd1
Bb6 15. Kf1 Ne7 16. Rd3 Nf5 17. Rbd1 Nd6 18. Qc2 Ne4 19. Nd2 Nxd2+ 20. R1xd2 c6
21. b4 a5 22. d5 cxd5 23. Rxd5 Qc7 24. Qxc7 Bxc7 25. bxa5 Bxa5 26. Rxd8 Rxd8
27. Rxd8+ Bxd8 28. Bxb7 Kf8 29. Ke2 Ke7 30. Kd3 f5 31. Kc4 g5 32. Kb5 f4 33. a4
fxe3 34. fxe3 Kd7 35. a5 Kc7 36. Bd5 f6 37. a6 Kb8 38. Kc6 h5 39. Kd7 Bb6 40.
e4 h4 41. Ke6 hxg3 42. hxg3 Bd4 43. g4 Be5 1/2-1/2

[Event "DEM U14 2010"]
[Site "Oberhof GER"]
[Date "2010.05.23"]
[Round "2"]
[White "Carow, Johannes"]
[Black "Kvetny, Mark"]
[Result "1-0"]
[Termination "normal"]
[Board "2"]
[WhiteElo "1939"]
[BlackElo "1916"]
[PlyCount "41"]
[WhiteFideId "24692050"]
[BlackFideId "24603929"]
[EventCountry "GER"]
[EventRounds "9"]
[EventType "swiss"]
[EventDate "2010.05.22"]

1. d4 Nf6 2. c4 e6 3. Nc3 Bb4 4. Qc2 c5 5. dxc5 Bxc5 6. Bf4 Nh5 7. Bg3 O-O 8.
e3 b6 9. Be2 Nxg3 10. hxg3 g6 11. Nf3 Bb7 12. O-O-O Be7 13. Ne4 Bxe4 14. Qxe4
Nc6 15. g4 Rc8 16. Kb1 Qc7 17. Rh6 f5 18. gxf5 Rxf5 19. Rdh1 Rf7 20. Bd3 Nb4
21. Rxh7 1-0

[Event "DEM U14 2010"]
[Site "Oberhof GER"]
[Date "2010.05.23"]
[Round "2"]
[White "Urban, Lars"]
[Black "Gibicar, Danijel"]
[Result "1/2-1/2"]
[Termination "normal"]
[Board "3"]
[WhiteElo "1835"]
[BlackElo "1965"]
[PlyCount "43"]
[WhiteFideId "4644034"]
[BlackFideId "24660256"]
[EventCountry "GER"]
[EventRounds "9"]
[EventType "swiss"]
[EventDate "2010.05.22"]

1. d4 Nf6 2. c4 c5 3. d5 b5 4. cxb5 a6 5. b6 g6 6. Nc3 d6 7. e4 Bg7 8. Nf3 O-O
9. Be2 Qxb6 10. Nd2 Nbd7 11. Nc4 Qd8 12. O-O Nb6 13. Nxb6 Qxb6 14. Rb1 a5 15.
Qc2 Ba6 16. Bxa6 Qxa6 17. a4 Nd7 18. Nb5 Rab8 19. Bd2 Nb6 20. b3 Rfc8 21. Na3
Rb7 22. Nc4 1/2-1/2

[Event "DEM U14 2010"]
[Site "Oberhof GER"]
[Date "2010.05.23"]
[Round "2"]
[White "Brinkmann, Fabian"]
[Black "Svane, Rasmus"]
[Result "0-1"]
[Termination "normal"]
[Board "4"]
[WhiteElo "1726"]
[BlackElo "2157"]
[PlyCount "38"]
[WhiteFideId "24661414"]
[BlackFideId "4657101"]
[EventCountry "GER"]
[EventRounds "9"]
[EventType "swiss"]
[EventDate "2010.05.22"]

1. d4 Nf6 2. Bf4 g6 3. Nf3 Bg7 4. e3 O-O 5. c4 d6 6. h3 c5 7. Nc3 Nc6 8. Be2
Nh5 9. Bh2 Qb6 10. Na4 Qb4+ 11. Nd2 cxd4 12. a3 Qa5 13. b4 Qg5 14. Ne4 Qxg2 15.
Bf3 Qxh3 16. Bxd6 Qf5 17. Bc7 dxe3 18. Nac5 Bxa1 19. Rh4 Be5 0-1

[Event "DEM U14 2010"]
[Site "Oberhof GER"]
[Date "2010.05.23"]
[Round "2"]
[White "Wagner, Dennis"]
[Black "Töws, Manuel"]
[Result "1/2-1/2"]
[Termination "normal"]
[Board "5"]
[WhiteElo "2112"]
[BlackElo "1910"]
[PlyCount "61"]
[WhiteFideId "24650684"]
[BlackFideId "24654485"]
[EventCountry "GER"]
[EventRounds "9"]
[EventType "swiss"]
[EventDate "2010.05.22"]

1. e4 c5 2. Nc3 Nc6 3. Bb5 Nd4 4. Bc4 e6 5. Nge2 a6 6. d3 b5 7. Bb3 Nxb3 8.
axb3 Nf6 9. Nxb5 Bb7 10. Nbc3 d5 11. exd5 exd5 12. d4 Bd6 13. Bf4 O-O 14. Bxd6
Qxd6 15. dxc5 Qxc5 16. Qd4 Qd6 17. O-O Bc8 18. Ng3 Bd7 19. Rad1 Bc6 20. Rfe1
Rfe8 21. Nce4 Nxe4 22. Rxe4 Rxe4 23. Nxe4 Qg6 24. Nc5 Qxc2 25. Re1 Re8 26.
Rxe8+ Bxe8 27. h3 Bb5 28. Kh2 g6 29. Kg3 Qf5 30. b4 Qg5+ 31. Kf3 1/2-1/2

[Event "DEM U14 2010"]
[Site "Oberhof GER"]
[Date "2010.05.23"]
[Round "2"]
[White "Neef, Maximilian"]
[Black "Blübaum, Matthias"]
[Result "0-1"]
[Termination "normal"]
[Board "6"]
[WhiteElo "2040"]
[BlackElo "2091"]
[PlyCount "146"]
[WhiteFideId "24692085"]
[BlackFideId "24651516"]
[EventCountry "GER"]
[EventRounds "9"]
[EventType "swiss"]
[EventDate "2010.05.22"]

1. d4 d5 2. c4 c6 3. Nf3 Nf6 4. e3 Bg4 5. Nc3 e6 6. h3 Bxf3 7. Qxf3 Nbd7 8. Bd3
Bd6 9. O-O O-O 10. e4 dxc4 11. Bxc4 e5 12. d5 Qe7 13. Be3 Rfd8 14. Rfd1 Nb6 15.
Bb3 h6 16. dxc6 bxc6 17. Rac1 Rab8 18. Ne2 Rbc8 19. Ng3 Ne8 20. Qg4 Kh8 21. Qh5
Rd7 22. Bxh6 g6 23. Qf3 c5 24. Be3 a5 25. Nf1 Kg7 26. Nd2 Rb8 27. Nc4 Nxc4 28.
Rxc4 Rb4 29. Rdc1 Rxc4 30. Rxc4 Nc7 31. Ra4 Nb5 32. Bd5 Ra7 33. Qe2 Nd4 34. Qd2
Qc7 35. Kh1 Qb6 36. Rc4 Qb5 37. Rc1 Rc7 38. Re1 Rd7 39. Qc3 Rd8 40. Bd2 Bc7 41.
Rc1 Bb6 42. Qe3 Rd6 43. b3 Qe8 44. h4 Qh8 45. g3 Qh5 46. Kg2 Rf6 47. Bc4 Qg4
48. Rc3 Rf3 49. Qe1 Rxc3 50. Bxc3 Nf3 51. Qe2 Nxh4+ 52. Kf1 Qh3+ 53. Ke1 Qh1+
54. Kd2 Nf3+ 55. Kc2 Nd4+ 56. Bxd4 cxd4 57. Kb2 Bc5 58. Bd5 Bb4 59. Qc2 Bc3+
60. Ka3 Qh8 61. b4 Qb8 62. Qa4 Bxb4+ 63. Kb3 Be1+ 64. Kc4 Qb2 65. Kc5 Qxf2 66.
g4 d3+ 67. Kd6 Bb4+ 68. Kd7 Qa7+ 69. Kc8 d2 70. Bb3 Qa8+ 71. Kd7 Qxe4 72. g5
Qf5+ 73. Ke8 Qc8# 0-1

[Event "DEM U14 2010"]
[Site "Oberhof GER"]
[Date "2010.05.23"]
[Round "2"]
[White "Lampert, Jonas"]
[Black "Galkin, Wladislaw"]
[Result "1-0"]
[Termination "normal"]
[Board "7"]
[WhiteElo "2107"]
[BlackElo "1940"]
[PlyCount "51"]
[WhiteFideId "1303759"]
[BlackFideId "4603192"]
[EventCountry "GER"]
[EventRounds "9"]
[EventType "swiss"]
[EventDate "2010.05.22"]

1. e4 e5 2. Nf3 Nc6 3. Bb5 a6 4. Ba4 Nf6 5. O-O b5 6. Bb3 Be7 7. Re1 O-O 8. a4
Bb7 9. d3 d6 10. c3 Na5 11. Bc2 c5 12. Nbd2 Re8 13. Nf1 Bf8 14. Ng3 g6 15. d4
Qc7 16. d5 c4 17. h3 Bc8 18. Nh2 Bd7 19. f4 Nb7 20. Qf3 Bg7 21. Rf1 h6 22. fxe5
dxe5 23. Bxh6 Bxh6 24. Qxf6 Rf8 25. axb5 Bxb5 26. Nf5 1-0

[Event "DEM U14 2010"]
[Site "Oberhof GER"]
[Date "2010.05.23"]
[Round "2"]
[White "Yankelevich, Lev"]
[Black "Stahnecker, Ludwig"]
[Result "1/2-1/2"]
[Termination "normal"]
[Board "8"]
[WhiteElo "1926"]
[BlackElo "1991"]
[PlyCount "65"]
[WhiteFideId "24684074"]
[BlackFideId "24692026"]
[EventCountry "GER"]
[EventRounds "9"]
[EventType "swiss"]
[EventDate "2010.05.22"]

1. e4 e5 2. Nf3 Nc6 3. Bb5 Nf6 4. O-O Bc5 5. d3 d6 6. h3 O-O 7. c3 Qe7 8. Re1
a6 9. Ba4 b5 10. Bc2 Bb7 11. Nbd2 h6 12. Nf1 Kh7 13. d4 Bb6 14. Ne3 Nd8 15. Nd5
Qe6 16. Nxb6 cxb6 17. d5 Qe7 18. Nh2 Nd7 19. f4 Rc8 20. Ng4 a5 21. Be3 a4 22.
Qd2 f6 23. Bd3 Ba6 24. b3 a3 25. b4 h5 26. Nh2 exf4 27. Bxf4 Ne5 28. Bxe5 dxe5
29. Rac1 Nf7 30. Qe2 g6 31. Bxb5 Bxb5 32. Qxb5 Qa7 33. Nf3 1/2-1/2

[Event "DEM U14 2010"]
[Site "Oberhof GER"]
[Date "2010.05.23"]
[Round "2"]
[White "Takeuchi, Eiki"]
[Black "Cech, Tim"]
[Result "1/2-1/2"]
[Termination "normal"]
[Board "9"]
[WhiteElo "1850"]
[BlackElo "1807"]
[PlyCount "75"]
[WhiteFideId "24663751"]
[BlackFideId "1270258"]
[EventCountry "GER"]
[EventRounds "9"]
[EventType "swiss"]
[EventDate "2010.05.22"]

1. d4 c5 2. c3 cxd4 3. cxd4 d5 4. Nc3 Nc6 5. Nf3 Nf6 6. Bf4 Bf5 7. e3 e6 8. Qa4
Qb6 9. Bb5 Be7 10. Ne5 Rc8 11. O-O O-O 12. Nxc6 bxc6 13. Ba6 Rcd8 14. a3 Qxb2
15. Qxc6 Bxa3 16. e4 Nxe4 17. Na4 Qb4 18. Rfb1 Qxd4 19. Be3 Qf6 20. Rxa3 d4 21.
Bf4 Nxf2 22. Re1 Ng4 23. h3 Nh6 24. Rg3 d3 25. Nc3 Bg6 26. Rf1 Nf5 27. Rgf3
Qd4+ 28. Kh1 Ne7 29. Qc7 Nd5 30. Nxd5 Qxd5 31. Qxa7 e5 32. Bd2 Qa2 33. Bb4 Ra8
34. Qe3 e4 35. R3f2 Qxa6 36. Bxf8 Rxf8 37. Rb1 Rd8 38. Qd4 1/2-1/2

[Event "DEM U14 2010"]
[Site "Oberhof GER"]
[Date "2010.05.23"]
[Round "2"]
[White "Holle, Cedric"]
[Black "Xu, Xianliang"]
[Result "0-1"]
[Termination "normal"]
[Board "12"]
[WhiteElo "1733"]
[BlackElo "1995"]
[PlyCount "160"]
[WhiteFideId "24692158"]
[BlackFideId "4603230"]
[EventCountry "GER"]
[EventRounds "9"]
[EventType "swiss"]
[EventDate "2010.05.22"]

1. e4 c5 2. Nf3 Nc6 3. d4 cxd4 4. Nxd4 g6 5. c4 Nf6 6. Nc3 Nxd4 7. Qxd4 d6 8.
Be2 Bg7 9. Qd3 O-O 10. O-O Be6 11. Be3 Qa5 12. Rac1 Nd7 13. Qd2 Rac8 14. Nd5
Qxd2 15. Bxd2 Bxd5 16. exd5 b6 17. Rfe1 Bxb2 18. Rc2 Bf6 19. Bg4 Rc7 20. Bxd7
Rxd7 21. Kf1 Rc8 22. Ke2 Kg7 23. Kd3 Rc5 24. a4 Rc8 25. g4 Kf8 26. f4 Rdc7 27.
h4 Ke8 28. h5 Kd7 29. g5 Bg7 30. Rh1 Rh8 31. Bb4 e6 32. hxg6 hxg6 33. Rxh8 Bxh8
34. Rh2 Rc8 35. dxe6+ Kxe6 36. Rh7 a5 37. Bd2 Bb2 38. Be3 Rb8 39. Rh2 Ba3 40.
Re2 Kd7 41. Bd4 Bc5 42. Bf6 Re8 43. Rxe8 Kxe8 44. Ke4 Kd7 45. Bb2 Ke6 46. Bc3
Bf2 47. Bb2 Kd7 48. f5 Kc6 49. fxg6 fxg6 50. Bd4 Be1 51. Be3 Bc3 52. Kd3 Be5
53. Ke4 Bb2 54. Kd3 Ba3 55. Ke4 Bc5 56. Bd4 Kc7 57. Bc3 Bb4 58. Bd4 Kc6 59. Be3
Be1 60. Kd4 Bb4 61. Ke4 Bc5 62. Bd4 Bxd4 63. Kxd4 Kc7 64. Ke4 Kd8 65. Kd4 Ke7
66. Kd5 Kd7 67. Kd4 Kc6 68. Kc3 d5 69. cxd5+ Kxd5 70. Kd3 Kc5 71. Ke4 b5 72.
Ke5 bxa4 73. Kf6 a3 74. Kxg6 a2 75. Kh7 a1=Q 76. g6 Qh1+ 77. Kg8 a4 78. g7 a3
79. Kf7 Qf3+ 80. Ke6 Qd5+ 0-1